<?xml version="1.0" encoding="UTF-8"?>
<record
    xmlns:xsi="http://www.w3.org/2001/XMLSchema-instance"
    xsi:schemaLocation="http://www.loc.gov/MARC21/slim http://www.loc.gov/standards/marcxml/schema/MARC21slim.xsd"
    xmlns="http://www.loc.gov/MARC21/slim">

  <leader>00831nab a2200217 i 4500</leader>
  <controlfield tag="001">7001</controlfield>
  <controlfield tag="003">KOSZ 005</controlfield>
  <controlfield tag="005">20180417101138.0</controlfield>
  <controlfield tag="008">160114s1971    pl  |  |     |000 ||pol</controlfield>
  <datafield tag="040" ind1=" " ind2=" ">
    <subfield code="c">KOSZ 005</subfield>
    <subfield code="a">KOSZ 005/MD</subfield>
  </datafield>
  <datafield tag="080" ind1=" " ind2=" ">
    <subfield code="a">94(438)</subfield>
  </datafield>
  <datafield tag="100" ind1=" " ind2=" ">
    <subfield code="a">CZARNIK, Andrzej.</subfield>
    <subfield code="d">1969 - 1971.</subfield>
    <subfield code="b">Wy&#x17C;sza Szko&#x142;a In&#x17C;ynierska w Koszalinie - Zesp&#xF3;&#x142; Nauk Spo&#x142;eczno-Politycznych</subfield>
  </datafield>
  <datafield tag="245" ind1=" " ind2=" ">
    <subfield code="a">Bogdan Dopiera&#x142;a, "Polskie losy Pomorza Zachodniego" /</subfield>
    <subfield code="c">Andrzej Czarnik.</subfield>
  </datafield>
  <datafield tag="500" ind1=" " ind2=" ">
    <subfield code="a">Dane z autopsji.</subfield>
  </datafield>
  <datafield tag="520" ind1=" " ind2=" ">
    <subfield code="a">Recenzja ksi&#x105;&#x17C;ki wydanej w Poznaniu w 1970 roku "Polskie losy Pomorza Zachodniego" autorstwa Bogdana Dopiera&#x142;y.</subfield>
  </datafield>
  <datafield tag="650" ind1=" " ind2="0">
    <subfield code="a">Pomorze Zachodnie.</subfield>
  </datafield>
  <datafield tag="650" ind1=" " ind2=" ">
    <subfield code="a">Polacy - ludno&#x15B;&#x107;.</subfield>
  </datafield>
  <datafield tag="655" ind1=" " ind2="0">
    <subfield code="a">Recenzja</subfield>
  </datafield>
  <datafield tag="773" ind1="0" ind2=" ">
    <subfield code="i">W :</subfield>
    <subfield code="t">Rocznik Koszali&#x144;ski. -</subfield>
    <subfield code="g">1971, nr 7, s. 215-218</subfield>
  </datafield>
  <datafield tag="942" ind1=" " ind2=" ">
    <subfield code="c">RE</subfield>
    <subfield code="2">UKD</subfield>
  </datafield>
  <datafield tag="999" ind1=" " ind2=" ">
    <subfield code="c">7001</subfield>
    <subfield code="d">7001</subfield>
  </datafield>
  <datafield tag="952" ind1=" " ind2=" ">
    <subfield code="0">0</subfield>
    <subfield code="1">0</subfield>
    <subfield code="4">0</subfield>
    <subfield code="7">0</subfield>
    <subfield code="a">BPK</subfield>
    <subfield code="b">BPK</subfield>
    <subfield code="o">0857</subfield>
    <subfield code="y">RE</subfield>
  </datafield>
</record>
